The poky little puppy, (Record no. 986)

MARC details
000 -LEADER
fixed length control field 01054cam a22003131 4500
005 - DATE AND TIME OF LATEST TRANSACTION
control field 20230908141640.0
020 ## - INTERNATIONAL STANDARD BOOK NUMBER
International Standard Book Number 0307021343
040 ## - CATALOGING SOURCE
Original cataloging agency DLC
Transcribing agency DLC
Modifying agency DLC
Language of cataloging eng
050 00 - LIBRARY OF CONGRESS CALL NUMBER
Classification number PZ7.L967
Item number Po
082 00 - DEWEY DECIMAL CLASSIFICATION NUMBER
Classification number Fic
100 1# - MAIN ENTRY--PERSONAL NAME
Personal name Lowrey, Janette Sebring,
Dates associated with a name 1892-1986.
245 14 - TITLE STATEMENT
Title The poky little puppy,
Statement of responsibility, etc. by Janette Sebring Lowrey, illustrated by Gustaf Tenggren.
260 ## - PUBLICATION, DISTRIBUTION, ETC.
Place of publication, distribution, etc. New York,
Name of publisher, distributor, etc. Western Publishing Company, Inc.,
Date of publication, distribution, etc. 1942.
300 ## - PHYSICAL DESCRIPTION
Other physical details color illustrations ;
Dimensions 21 cm
Extent 23 unnumbered pages ;
490 0# - SERIES STATEMENT
Series statement The Little golden book
505 ## - FORMATTED CONTENTS NOTE
Formatted contents note K <br/>
520 ## - SUMMARY, ETC.
Summary, etc. A puppy who is always late coming home one night finds there is no dessert for him.
521 ## - TARGET AUDIENCE NOTE
Target audience note 520 <br/><br/>
Source Lexile <br/>
521 ## - TARGET AUDIENCE NOTE
Target audience note K <br/>
Source Raz-Plus <br/>
650 #0 - SUBJECT ADDED ENTRY--TOPICAL TERM
Topical term or geographic name entry element Dogs
Form subdivision Juvenile fiction.
650 #1 - SUBJECT ADDED ENTRY--TOPICAL TERM
Topical term or geographic name entry element Dogs
Form subdivision Fiction.
650 #1 - SUBJECT ADDED ENTRY--TOPICAL TERM
Topical term or geographic name entry element Animals
General subdivision Infancy
Form subdivision Fiction.
650 #1 - SUBJECT ADDED ENTRY--TOPICAL TERM
Topical term or geographic name entry element Tardiness
Form subdivision Fiction.
650 #1 - SUBJECT ADDED ENTRY--TOPICAL TERM
Topical term or geographic name entry element Behavior
Form subdivision Fiction.
700 1# - ADDED ENTRY--PERSONAL NAME
Personal name Tenggren, Gustaf,
Dates associated with a name 1896-1970,
Relator term illustrator.
906 ## - LOCAL DATA ELEMENT F, LDF (RLIN)
a 7
b cbc
c orignew
d 1
e ocip
f 19
g y-gencatlg
942 ## - ADDED ENTRY ELEMENTS (KOHA)
Source of classification or shelving scheme Dewey Decimal Classification
Koha item type Books
Suppress in OPAC No
999 ## -
-- 986
-- 986
Holdings
Withdrawn status Lost status Source of classification or shelving scheme Damaged status Not for loan Collection Home library Current library Shelving location Date acquired Total Checkouts Full call number Barcode Date last seen Date last checked out Copy number Price effective from Koha item type
    Dewey Decimal Classification     Juvenile Fiction Footprints International School Library Network Toul Kork Campus Footprints International School Library Network Toul Kork Campus   07/17/2023 1 LOW Fic PZ10.L94 FISBK00159 02/05/2024 12/11/2023 1 07/17/2023 Books
    Dewey Decimal Classification     Juvenile Fiction Footprints International School Library Network Toul Kork Campus Footprints International School Library Network Toul Kork Campus   07/17/2023 4 LOW Fic PZ10.L94 FISBK00160 02/27/2024 02/06/2024 2 07/17/2023 Books